[Event "20th Dubai Open 2018"]
[Site "Dubai"]
[Date "2018.04.07"]
[Round "5"]
[White "Jones, Gawain C B"]
[Black "Gagare, Shardul"]
[Result "1-0"]
[WhiteElo "2675"]
[BlackElo "2502"]
[Annotator "TA"]
[PlyCount "87"]
[EventDate "2018.??.??"]
[EventType "swiss"]
[EventCountry "UAE"]
[SourceTitle "playchess.com"]
[Source "ChessBase"]
[SourceQuality "1"]

{[%evp 27,87,0,20,22,58,54,42,33,79,66,67,64,70,78,100,87,133,145,136,141,129,139,179,172,172,171,182,182,182,176,175,176,176,175,213,206,212,206,202,194,243,245,314,289,397,377,486,484,575,574,557,542,1150,1128,29985,29986,29986,29987,29987,29988,29988,29989]} 1. e4 e5 2. Nf3 Nc6 3. Bb5 a6 4. Ba4 Nf6 5. O-O Be7 6. Re1 b5 7. Bb3 d6 8. c3 O-O 9. d4 Bg4 10. Be3 Bh5 11. h3 {C91: Closed Ruy Lopez: 7...d6 8 c3 0-0 9 d4} exd4 12. cxd4 d5 13. e5 Ne4 14. Nbd2 (14. Nc3 Nxc3 15. bxc3 Qd7 16. Bc2 Nd8 17. Qb1 Bg6 18. Bxg6 fxg6 19. Nd2 Ne6 20. a4 bxa4 21. Qa2 a3 22. c4 {½-½ (60) Wang,H (2709)-Ding,L (2777) Riadh 2017}) 14... Bb4 {[#] LiveBook: 3 Games. White must now prevent ...Bxd2.} 15. Qc2 {[#]} Bxf3 $146 ({Predecessor:} 15... Bxd2 16. Qxc6 Bxf3 17. gxf3 Bxe3 18. fxe3 Qg5+ {1-0 (54) Bodnaruk,A (2459)-Kosintseva,T (2515) Nizhnij Novgorod 2013}) 16. Nxf3 Na5 $1 17. Nd2 (17. Rec1 {feels hotter.} c6 18. Qe2 Nc4 19. Bc2 f5 20. exf6 Nxf6 21. Bf4) 17... Nxd2 18. Bxd2 Bxd2 19. Qxd2 Nc4 20. Qc3 Rc8 21. Bc2 g6 22. b3 Nb6 23. Bd1 c6 24. Rc1 Nd7 25. e6 fxe6 26. Bg4 ({Don't play} 26. Rxe6 c5 $16) 26... Kg7 27. Rxe6 Nf6 28. Bf3 $36 {[%mdl 2048] Black is under strong pressure.} ({Resist} 28. Rxc6 $6 Rxc6 29. Qxc6 Nxg4 $16) 28... Qb6 29. Qc5 Qxc5 30. Rxc5 Rfe8 31. Rxe8 Rxe8 32. Rxc6 $18 {[%mdl 4096] Endgame KRB-KRN} Re1+ 33. Kh2 Ne4 34. Rxa6 Nxf2 35. Bxd5 Nd1 36. Ra7+ Kh8 37. Kg3 Nc3 38. Bf3 b4 39. d5 {[%cal Bd4d5,Bd5d6][%mdl 32]} Re8 40. d6 Rd8 41. Ra8 {White mates.} Ne2+ 42. Kg4 Rxa8 43. Bxa8 Nd4 44. Bd5 {Precision: White = 91%, Black = 26%.} 1-0

[Event "20th Dubai Open 2018"]
[Site "Dubai"]
[Date "2018.04.07"]
[Round "5"]
[White "Safarli, Eltaj"]
[Black "Deepan Chakkravarthy J."]
[Result "1-0"]
[WhiteElo "2653"]
[BlackElo "2499"]
[Annotator "TA"]
[PlyCount "103"]
[EventDate "2018.??.??"]
[EventType "swiss"]
[EventCountry "UAE"]
[SourceTitle "playchess.com"]
[Source "ChessBase"]
[SourceQuality "1"]

{[%evp 26,103,43,39,85,62,66,12,40,49,57,46,71,63,75,56,71,71,100,109,99,93,100,94,120,120,108,98,110,0,14,0,0,0,0,-16,30,35,41,59,42,47,118,114,144,154,148,146,148,158,114,103,132,126,115,119,230,131,154,140,156,0,174,87,87,87,147,158,507,500,468,465,685,655,861,854,839,702,987,963]} 1. e4 e5 2. Nf3 Nc6 3. Bb5 a6 4. Ba4 Nf6 5. O-O Be7 6. Re1 b5 7. Bb3 d6 8. c3 {[%cal Bc2c3,Bc3c4][%mdl 32]} O-O 9. h3 Nb8 10. d4 Nbd7 11. c4 c6 12. Nc3 Bb7 13. a3 h6 {C95: Closed Ruy Lopez: Breyer Variation with 10 d4} 14. Ba2 {LiveBook: 6 Games} (14. Be3 Re8 15. Ba2 Bf8 16. Qb3 Qe7 17. Nh4 exd4 18. Nf5 Qd8 19. Bxd4 Re6 20. cxb5 axb5 21. Rad1 Nb6 22. Re3 {1-0 (46) Safarli,E (2664)-Alekseev,E (2633) Nakhchivan 2016}) 14... Nh7 $146 ({Predecessor:} 14... a5 15. cxb5 cxb5 16. Nd5 Nxd5 17. Bxd5 Bxd5 18. exd5 Bf6 19. Be3 Re8 20. Qb3 e4 21. Nd2 {½-½ (40) Peters,J (2346)-Sheng,J (2375) Ontario 2017}) 15. cxb5 axb5 {White is slightly better.} 16. d5 (16. dxe5 $14 dxe5 17. Be3) 16... Nb6 17. dxc6 Bxc6 18. Qe2 Nf6 19. Rd1 $1 {Threatens to win with Nxe5!} Qe8 20. Nh4 Na4 21. Nxa4 $1 Rxa4 {[#]} 22. Ng6 $1 Bxe4 23. Nxf8 Bxf8 24. Be3 Qa8 25. f3 ({Not} 25. Qxb5 Bxg2 26. Qb3 Rh4 $15) 25... Bd5 26. Qxb5 Bxf3 27. Rd2 ({Better is} 27. gxf3 $16 Qxf3 28. Bf2 (28. Qxa4 Qxe3+ 29. Kh2 Qf2+ 30. Kh1 Qf3+ 31. Kh2 Qf2+ 32. Kh1 Qf3+ 33. Kh2 Qf2+ $11)) 27... Bc6 $1 $11 {[%cal Rc6b5]} 28. Qb3 d5 29. Rc1 Ra6 30. Rf2 Ba4 31. Qd3 $36 {[%mdl 2048] Black is under pressure.} Qb7 32. Rc7 Qxc7 33. Qxa6 Qd7 (33... Be8 $14) 34. Qa8 $16 d4 {[#]} 35. Bxh6 $1 {[%mdl 512]} Bc6 (35... gxh6 36. Rxf6) 36. Qb8 Bd5 37. Bxd5 Nxd5 38. Bxg7 Kxg7 39. Qxe5+ f6 40. Qxd4 {And now Rd2 would win.} Qc6 {[#]} (40... Bd6 $16) 41. Qg4+ (41. b4 $1 $18) 41... Kf7 42. Qh5+ Kg7 43. Qg4+ Kf7 $1 44. Rd2 (44. b4 $18) 44... Qc5+ 45. Kh2 Bd6+ ({Black should try} 45... Ne3 46. Qd7+ Be7) 46. g3 {Black must now prevent b4.} Qe3 $2 (46... Ne7 $16 47. Qd7 Be5) 47. Qh5+ $18 {White is clearly winning.} ({Worse is} 47. Rxd5 Qf2+ 48. Kh1 Qf1+ 49. Kh2 Qf2+ 50. Kh1 Qf1+ 51. Kh2 Qf2+ $11) 47... Kg7 48. Qxd5 ({Weaker is} 48. Qg4+ Kh6 $16) 48... Bxg3+ (48... Qxg3+ $142 49. Kh1 Qxh3+ 50. Kg1 Qe3+ 51. Kf1 Bg3 52. Qd7+ Kh6 53. Qh3+ Kg6) 49. Kh1 Bf4 {aiming for ...Qe1+.} 50. Qg2+ Kh6 51. Rf2 Be5 52. Rf1 {Precision: White = 69%, Black = 46%.} 1-0

[Event "20th Dubai Open 2018"]
[Site "Dubai"]
[Date "2018.04.07"]
[Round "5"]
[White "Kovalev, Vladislav"]
[Black "Christiansen, Johan-Sebastian"]
[Result "1-0"]
[WhiteElo "2648"]
[BlackElo "2498"]
[Annotator "TA"]
[PlyCount "73"]
[EventDate "2018.??.??"]
[EventType "swiss"]
[EventCountry "UAE"]
[SourceTitle "playchess.com"]
[Source "ChessBase"]
[SourceQuality "1"]

{[%evp 18,73,0,0,0,0,0,0,0,0,0,0,10,8,8,0,66,19,28,15,52,47,76,33,125,125,184,190,189,175,268,169,304,294,290,275,385,303,333,337,323,266,578,583,556,516,520,512,616,612,738,683,1156,1121,1186,1150,1353,1331]} 1. e4 e6 2. d4 d5 3. Nd2 Be7 4. e5 c5 5. c3 cxd4 6. cxd4 {C03: French Tarrasch: Unusual Black 3rd moves} Qb6 7. Ndf3 Bb4+ 8. Bd2 Nc6 9. Bxb4 Qxb4+ 10. Qd2 {LiveBook: 4 Games} f6 $146 ({Predecessor:} 10... Qxd2+ 11. Kxd2 Bd7 12. Bd3 Nge7 {1-0 (106) Gharamian,T (2626)-Bellahcene,B (2475) Bastia 2016}) 11. Rc1 Qxd2+ 12. Kxd2 Bd7 13. Bd3 Nh6 14. Ne2 Ng4 15. exf6 gxf6 16. Rhf1 e5 (16... Ke7 $11) 17. h3 Nh6 {[#] aiming for ...e4.} 18. Bb5 $36 {[%mdl 2048] Bxc6 is the strong threat. White is pushing.} e4 19. Nh4 a6 20. Bxc6 Bxc6 {[#]} (20... bxc6 $14 21. f3 f5) 21. f3 $1 $16 Ke7 (21... exf3 $16 22. Rxf3 (22. Nxf3 Nf7 $14) 22... O-O) 22. fxe4 $18 dxe4 23. Ke3 Rhg8 (23... Rac8 {was necessary.} 24. Nc3 Rhe8) 24. g4 {Hoping for d5!} Nf7 (24... Rad8 {was called for.} 25. Nc3 Kf7) 25. Nf5+ Kd7 26. Nf4 Ng5 27. Rc5 b6 28. Rc3 Rac8 29. Rfc1 Bb5 $2 (29... Bb7 {is more resistant.} 30. d5 Rxc3+ 31. bxc3 (31. Rxc3 Nf7 $18) 31... Rb8) 30. Rxc8 {White is clearly winning.} Rxc8 31. Rxc8 Kxc8 {[%mdl 4096] Endgame KBN-KNN} 32. h4 Nf3 33. Nd5 Bd3 34. Nxf6 Nh2 35. g5 Nf1+ 36. Kf4 Kc7 37. Ne3 {Precision: White = 85%, Black = 29%.} 1-0

[Event "20th Dubai Open 2018"]
[Site "Dubai"]
[Date "2018.04.07"]
[Round "5"]
[White "Ganguly, Surya Shekhar"]
[Black "Gupta, Abhijeet"]
[Result "1-0"]
[WhiteElo "2642"]
[BlackElo "2617"]
[Annotator "TA"]
[PlyCount "97"]
[EventDate "2018.??.??"]
[EventType "swiss"]
[EventCountry "UAE"]
[SourceTitle "playchess.com"]
[Source "ChessBase"]
[SourceQuality "1"]

{[%evp 18,97,20,8,10,24,25,3,29,14,26,32,26,23,13,0,0,0,24,27,22,20,20,14,13,16,9,0,37,37,37,37,39,37,51,51,51,51,51,48,50,38,54,42,34,27,27,27,38,39,88,88,70,63,63,41,41,16,39,11,11,11,138,137,139,139,145,154,1108,986,955,378,1370,1459,1829,2831,2034,1635,12845,12844,12845,2076]} 1. Nf3 Nf6 2. c4 g6 3. Nc3 d5 4. cxd5 Nxd5 5. h4 {[%cal Bh2h4,Bh4h5,Bh5h6][%mdl 32]} Bg7 6. e4 {A16: English Opening: 1...Nf6 with ...d5} (6. h5 Nc6 7. h6 Bf6 8. Ne4 Bg4 9. e3 O-O 10. Nxf6+ exf6 11. Be2 Re8 12. O-O Qe7 13. d4 {0-1 (22) Akobian,V (2647)-Duda,J (2717) Riadh 2017}) 6... Nxc3 7. dxc3 Qxd1+ 8. Kxd1 Nd7 9. h5 Nc5 10. h6 {LiveBook: 3 Games} Bf8 $1 11. e5 Bf5 $146 ({Predecessor:} 11... Bg4 12. Be3 Bxf3+ 13. gxf3 {1-0 (30) Bai,J (2537)-Gao,R (2548) Shenzhen 2016}) 12. Be3 e6 13. Rh4 Be7 14. Rd4 Rd8 15. Rxd8+ Kxd8 16. Ng5 Kc8 17. Ke1 Ne4 (17... Na4 {is more complex.} 18. Nxf7 Rf8 19. b3 Nxc3 20. Ng5 Nd5) 18. Nxe4 Bxe4 19. f3 Bc6 20. Bd3 Rd8 21. Ke2 a5 22. Rf1 Kd7 23. g4 Ke8 24. f4 Bg2 25. Rd1 Kf8 26. Rd2 b6 27. a3 Kg8 28. Bc2 Rxd2+ 29. Bxd2 $14 {[%mdl 4096] Endgame KBB-KBB} f5 30. exf6 Bxf6 31. b4 axb4 32. axb4 Bd5 33. Bd3 e5 34. g5 Bh8 35. c4 Be6 36. Kf3 exf4 37. Bxf4 c6 $1 38. b5 cxb5 39. cxb5 {Threatens to win with Be3.} Bc3 (39... Bd4 $11 {keeps the balance.}) 40. Be3 $16 Ba5 41. Kf4 Kf7 42. Ke5 $1 Ke7 $2 {[#]} (42... Bg4 $16 43. Kd6 Bf3 44. Bc4+ Ke8) 43. Bxg6 $1 $18 {[%mdl 512]} Bc3+ (43... hxg6 44. h7) 44. Bd4 Bd2 $2 (44... Bg8 45. Bxc3 hxg6) 45. Bxb6 {White is clearly winning.} Bxg5 {[#]} 46. Bc5+ $1 Kd7 47. b6 {[%cal Bb5b6,Bb6b7][%mdl 32]} Bc4 48. b7 Bh4 49. Ke4 {Precision: White = 73%, Black = 45%.} (49. Kd4 $142 Kc7 50. Kxc4) 1-0

[Event "20th Dubai Open 2018"]
[Site "Dubai"]
[Date "2018.04.07"]
[Round "5"]
[White "Yilmaz, Mustafa"]
[Black "Darini, Pouria"]
[Result "1-0"]
[WhiteElo "2626"]
[BlackElo "2478"]
[Annotator "TA"]
[PlyCount "125"]
[EventDate "2018.??.??"]
[EventType "swiss"]
[EventCountry "UAE"]
[SourceTitle "playchess.com"]
[Source "ChessBase"]
[SourceQuality "1"]

{[%evp 19,125,10,11,4,20,0,21,20,18,25,29,19,15,20,18,18,9,21,40,39,33,34,35,40,34,41,42,42,42,43,43,43,43,42,42,42,37,41,45,22,19,16,13,22,76,69,66,61,185,174,201,193,205,197,202,187,153,150,252,252,252,249,213,213,200,117,117,112,449,442,436,431,398,419,396,389,356,301,816,787,716,641,920,770,1350,1338,1321,1112,1028,1256,1154,1097,1272,1212,1193,1089,1258,1137,1551,1453,29972,29972,29976,29977,29979,29981,29981,29982]} 1. Nf3 Nf6 2. c4 g6 3. Nc3 d5 4. cxd5 Nxd5 5. h4 Bg7 6. e4 {A16: English Opening: 1...Nf6 with ...d5} (6. h5 Nc6 7. h6 Bf6 8. Ne4 Bg4 9. e3 O-O 10. Nxf6+ exf6 11. Be2 Re8 12. O-O Qe7 13. d4 {0-1 (22) Akobian,V (2647)-Duda,J (2717) Riadh 2017}) 6... Nxc3 7. dxc3 Qxd1+ 8. Kxd1 Nd7 9. h5 Nc5 10. h6 Bf8 $1 {LiveBook: 3 Games} 11. e5 Bg4 12. Be3 e6 $146 ({Predecessor:} 12... Bxf3+ 13. gxf3 {1-0 (30) Bai,J (2537)-Gao,R (2548) Shenzhen 2016}) 13. Be2 O-O-O+ 14. Nd4 Bxe2+ 15. Kxe2 Be7 16. Rad1 Na4 17. Bc1 Rd5 18. Nf3 f6 19. Rh4 Nc5 20. exf6 Bxf6 {...Rxd1 is the strong threat.} 21. Rf4 {aiming for Rxd5.} Nd7 22. Be3 Re8 23. Re4 (23. Bxa7 b6 $17) 23... c6 24. Nd2 (24. Bxa7 Rxd1 25. Kxd1 b6 $17) 24... Bd8 25. Rf4 ({Don't play} 25. Bxa7 b6 $15) 25... Rf5 26. g4 Rxf4 27. Bxf4 e5 28. Be3 Nf6 29. Rg1 Nd5 30. Ne4 Be7 31. Bg5 ({Worse is} 31. Bxa7 b6 $17) 31... Kd7 (31... Nf4+ $11 32. Bxf4 exf4) 32. c4 {Strongly threatening Rd1.} (32. Rd1 $5 {[%cal Rc3c4]}) 32... Nf4+ 33. Ke3 Rf8 ({Better is} 33... Bxg5 $14 34. Nxg5 Ke7) 34. Rd1+ $18 Ke6 35. Bxe7 $1 Ng2+ 36. Ke2 $1 Nf4+ 37. Kf1 Kxe7 {[%mdl 4096] Endgame KRN-KRN} 38. Nc5 $1 b6 (38... Rf7 $16) 39. Rd7+ $1 Ke8 40. Rxh7 bxc5 41. Rxa7 {KRN-KR} Ne6 42. h7 (42. a4 $1 $18) 42... Rh8 $16 43. a4 $1 {[%cal Ba2a4,Ba4a5,Ba5a6][%mdl 1056] White has strong compensation.} Nf8 $2 {[%mdl 8192]} (43... Nd8 $16 {is a better chance.}) 44. a5 $1 $18 {[%cal Ra5a6] Hoping for a6.} Kd8 {[#]} 45. a6 $1 ({Less strong is} 45. Ra8+ Ke7 $14) 45... Kc8 {intending ...Kb8.} 46. Ra8+ Kc7 47. Ke2 Kb6 48. Ke3 Ka5 $2 (48... Rxh7 49. Rxf8 Kxa6) 49. Ke4 Kb6 50. f3 Ka5 51. g5 Kb6 52. a7 Kb7 53. Rd8 Kxa7 54. Kxe5 Kb6 {[#]} 55. Kd6 $1 Ka5 56. Ke7 Rxh7+ 57. Kxf8 {KR-KR} Kb4 58. Rd6 Rh3 59. Rxg6 Rxf3+ 60. Rf6 {White mates.} Rg3 61. g6 Kxc4 62. g7 Kb3 63. g8=Q+ {Precision: White = 89%, Black = 53%.} 1-0

[Event "20th Dubai Open 2018"]
[Site "Dubai"]
[Date "2018.04.07"]
[Round "5"]
[White "Iturrizaga Bonelli, Eduardo"]
[Black "Sethuraman, S.P."]
[Result "1/2-1/2"]
[WhiteElo "2624"]
[BlackElo "2631"]
[Annotator "TA"]
[PlyCount "111"]
[EventDate "2018.??.??"]
[EventType "swiss"]
[EventCountry "UAE"]
[SourceTitle "playchess.com"]
[Source "ChessBase"]
[SourceQuality "1"]

{[%evp 10,111,31,7,14,8,14,8,13,0,10,0,0,0,0,-25,0,-20,17,18,35,0,25,10,36,17,54,33,80,68,83,15,11,0,0,-83,0,0,0,0,29,37,121,132,308,286,283,282,377,292,456,156,148,0,0,-11,0,0,0,0,0,0,0,0,70,64,66,59,100,89,280,283,285,268,291,283,275,268,385,287,277,272,362,365,350,345,373,345,476,380,337,230,230,24,24,24,24,24,24,0,27,0,20,0]} 1. d4 Nf6 2. Nf3 d5 3. c4 e6 4. Nc3 c5 5. cxd5 Nxd5 6. e3 cxd4 {D41: Queen's Gambit Declined: Semi-Tarrasch with 5 cxd5} (6... Nc6 7. Bd3 Be7 8. O-O O-O 9. a3 b6 10. Qc2 Nxc3 11. bxc3 g6 12. dxc5 Bxc5 13. c4 Bb7 14. Bb2 Qe7 15. Rfd1 Rad8 16. Qc3 f6 17. Be2 Kg7 18. h3 Rxd1+ 19. Rxd1 {½-½ (71) Parligras,M (2616)-Adams,M (2727) Germany 2018}) 7. exd4 Nxc3 8. bxc3 Qc7 9. Bd2 Nd7 10. Bd3 Bd6 11. O-O b6 12. Ng5 $146 ({Predecessor:} 12. Re1 Bb7 13. c4 O-O 14. h3 h6 15. Qe2 Rfe8 16. Bc3 Rac8 17. Rac1 Qb8 18. Nd2 Bf4 19. Rc2 e5 20. d5 e4 {½-½ (34) Zhigalko,S (2620)-Aleksandrov,A (2589) Minsk 2018}) 12... Nf6 13. f4 h6 14. Nf3 Bb7 15. Ne5 O-O 16. Qe2 Rad8 17. Rae1 Rfe8 18. Qf2 a6 19. a4 Nd7 20. h3 (20. Re3 $16) 20... f6 $11 21. Ng6 f5 22. g4 (22. Re3 $11 {remains equal.}) 22... Nf6 ({Much worse is} 22... Qc6 $6 23. Kh2 $11) (22... Nc5 $1 $17 {[%cal Rc5d3]} 23. Bc2 Ne4 24. Bxe4 Bxe4) 23. gxf5 exf5 24. Bxf5 Qc6 {[%csl Gb7][%cal Rc6h1]} 25. Kh2 Qxa4 (25... Ne4 $14 26. Qg2 Qd5 27. Bxe4 Rxe4) 26. Ne5 $16 {Ra1 is the strong threat.} Bc8 $2 (26... Re7 $16 27. Rg1 Rf8) 27. Bd3 $18 {Hoping for Ra1.} b5 28. Rg1 Qa2 29. Rg6 Nh5 (29... Re7 {was called for.} 30. Reg1 Rf8 31. Rxh6 Bxe5 32. dxe5 Rxe5) 30. Qg2 $2 (30. Re2 $18 {and White stays clearly on top.} Bxe5 31. fxe5) 30... Bb7 $16 31. Qf2 ({White should try} 31. Qe2 $16) 31... Rf8 $11 32. Rg4 Bxe5 33. Rxe5 Nf6 34. Rg1 Rde8 35. f5 Rf7 36. Qe2 Bc6 (36... Rc8 $11) 37. Bxh6 $1 $14 Qxe2+ 38. Bxe2 Kf8 39. Bc1 $1 $36 {[%mdl 2048] White has strong initiative.} Nd5 $2 (39... a5 $16) 40. Ba3+ $1 $18 b4 41. cxb4 Rxe5 42. dxe5 {[%cal Bd4e5,Be5e6][%mdl 32]} Bb5 {[#]} 43. Bg4 $1 Rc7 (43... Ne3 {was necessary.} 44. e6 Nxg4+ 45. hxg4 Rc7) 44. Bc1 Nxb4 45. Bg5 Nd3 46. e6 Ne5 47. Bh5 Rc2+ 48. Kg3 g6 49. fxg6 Kg7 50. Rd1 Rc3+ {[#]} 51. Kg2 $2 (51. Kh2 $1 $18) 51... Bc6+ $11 52. Kh2 Rc2+ $1 53. Kg3 {Black must now prevent h4.} Rc3+ 54. Kh2 {And now h4 would win.} Rc2+ $1 55. Kg3 {aiming for h4.} Rc3+ 56. Kh2 {Precision: White = 40%, Black = 44%.} 1/2-1/2

[Event "20th Dubai Open 2018"]
[Site "Dubai"]
[Date "2018.04.07"]
[Round "5"]
[White "Oleksiyenko, Mykhaylo"]
[Black "Chakravarthi Reddy, M."]
[Result "1-0"]
[WhiteElo "2621"]
[BlackElo "2442"]
[Annotator "TA"]
[PlyCount "57"]
[EventDate "2018.??.??"]
[EventType "swiss"]
[EventCountry "UAE"]
[SourceTitle "playchess.com"]
[Source "ChessBase"]
[SourceQuality "1"]

{[%evp 31,57,52,57,62,62,67,66,77,53,33,48,35,40,45,93,89,97,88,89,95,97,95,87,94,86,88,181,170]} 1. e4 e6 2. d4 d5 3. Nd2 Nf6 4. e5 Nfd7 5. Bd3 c5 6. c3 Nc6 7. Ne2 cxd4 8. cxd4 f6 9. exf6 Nxf6 10. Nf3 Bd6 11. O-O Qc7 12. g3 O-O 13. Bf4 Ng4 14. Rc1 {C06: French Tarrasch: 3...Nf6 4 e5 Nfd7 5 Bd3 main lines} Bxf4 15. Nxf4 Rxf4 16. gxf4 Qxf4 {LiveBook: 21 Games} 17. Rc3 (17. Be2 Bd7 18. Qd2 Qf5 19. h3 Nf6 20. Qe3 Ne4 21. Nh2 Rf8 {½-½ (48) Kokarev,D (2625)-Kryakvin,D (2588) Taganrog 2014}) 17... e5 18. Qd2 $1 Qxd2 19. Nxd2 exd4 20. Rc5 Nge5 $146 ({Predecessor:} 20... Nf6 21. Re1 Bd7 {0-1 (35) Peng,D (2273)-Tarun,V (1954) Khanty-Mansiysk 2016}) 21. Bb5 Bh3 22. Re1 Rf8 {[#]} 23. Bxc6 $1 ({Of course not} 23. Rxd5 $6 Rf6 $11) 23... Nxc6 24. Rxd5 Nb4 25. Rd6 Nd3 26. Re7 Rc8 {( -> ...Rc1+)} 27. Nb3 Kf8 {[#]} 28. Re2 $1 (28. Re4 $2 Rc2 $19) 28... Nf4 (28... Nc1 $16 29. Re1 Nxb3 30. axb3 Rc5) 29. Re4 1-0

[Event "20th Dubai Open 2018"]
[Site "Dubai"]
[Date "2018.04.07"]
[Round "5"]
[White "Maghsoodloo, Parham"]
[Black "Haria, Ravi"]
[Result "1-0"]
[WhiteElo "2615"]
[BlackElo "2441"]
[Annotator "TA"]
[PlyCount "137"]
[EventDate "2018.??.??"]
[EventType "swiss"]
[EventCountry "UAE"]
[SourceTitle "playchess.com"]
[Source "ChessBase"]
[SourceQuality "1"]

{[%evp 25,137,0,0,0,39,34,121,121,107,108,121,121,125,118,108,118,104,106,106,92,78,87,96,43,100,99,99,55,88,73,90,69,153,164,156,145,161,160,183,160,163,133,283,280,197,250,200,166,113,92,174,194,201,194,194,134,152,75,82,82,134,104,426,444,500,500,500,500,500,500,500,500,500,500,500,0,0,0,0,0,0,0,0,0,0,0,0,0,5,5,5,5,7,8,423,412,689,669,5360,7225,7225,5705,29966,29967,29968,29970,29969,29971,29972,29971,29982,29983,29975,29975]} 1. Nf3 Nf6 2. g3 d5 3. Bg2 e6 4. c4 Be7 5. O-O O-O 6. b3 b6 7. Bb2 Bb7 8. e3 c5 9. Qe2 Qc8 {A14: English Opening: 1...e6 with b3 by White} (9... Nbd7 10. Rd1 Qc7 11. Nc3 a6 12. cxd5 Nxd5 13. Nxd5 Bxd5 14. e4 Bb7 15. d4 Rfe8 16. dxc5 bxc5 17. Nd2 Rad8 18. Nc4 Nb6 19. Be5 Qc6 {½-½ (58) Anand,V (2779)-Wojtaszek,R (2749) Doha 2016}) 10. Nc3 Rd8 11. d3 Nc6 12. Rac1 d4 13. exd4 Nxd4 {LiveBook: 4 Games} 14. Nxd4 cxd4 {[#]} 15. Nd5 $1 {[%mdl 512] [#]} Bc5 $146 (15... Qd7 $14 16. Nxe7+ Qxe7) (15... Bxd5 16. cxd5) ({Find the theoretical novelty and annotate with similar games:} 15... Qd7) 16. Nxf6+ $16 gxf6 17. Qg4+ Kh8 18. Qh4 Kg7 19. Bxb7 Qxb7 20. Rce1 Qf3 21. Re4 e5 22. Qg4+ Qxg4 23. Rxg4+ Kf8 24. Rh4 (24. Bc1 $16) 24... a5 (24... Kg7 $14) 25. a4 Kg7 26. Re4 Bd6 27. f4 exf4 28. gxf4 Re8 ({Black should play} 28... Bc5 $14) 29. Rxe8 Rxe8 30. Bxd4 {[%mdl 4096] Endgame KRB-KRB} Bc5 31. Bf2 $1 Rd8 32. Rd1 Bd4 33. f5 Kh6 (33... Kf8 $16 34. Rd2 Kg7) 34. Bxd4 $18 Rxd4 {KR-KR} 35. Kf2 Kg5 36. Ke3 Rh4 37. b4 axb4 (37... Kxf5 $16 38. bxa5 bxa5) 38. Rb1 Rxh2 39. Rxb4 h5 40. Rxb6 h4 41. Rb8 (41. c5 $142 $1) 41... Kxf5 42. Rh8 Kg4 (42... h3 $142) 43. c5 $1 $16 {aiming for a5.} Rc2 $2 {[%mdl 8192]} (43... Kf5 $16) 44. d4 $18 h3 45. Kd3 Rc1 46. a5 Kg3 {With the idea ...h2.} 47. a6 {a7 is the strong threat.} h2 48. a7 Ra1 49. d5 Rxa7 {[#] Hoping for ...Ra5.} 50. d6 $2 (50. Rxh2 $1 $18 {[%mdl 512] And now Rd2 would win.} Kxh2 51. c6) 50... Ra3+ $1 $11 51. Ke2 Ra2+ $1 52. Ke3 Ra3+ $1 53. Ke2 {Strongly threatening d7.} Ra2+ $1 54. Kd3 Ra3+ $1 55. Kc4 Ra4+ $1 56. Kb5 Rh4 57. Rxh4 Kxh4 {K3P-KPP} 58. d7 h1=Q {( -> ...Qb7+)} 59. d8=Q {White wants to mate with Qh8+. KQ-KQ} Qb1+ $2 {[%mdl 8192]} (59... Qb7+ $1 $11 {and Black stays safe.} 60. Qb6 Qd7+ 61. Ka5 Qf5) 60. Ka6 $18 Qa2+ (60... Qf1+ $142 61. Ka7 Qf2) 61. Kb7 Qb3+ 62. Qb6 Qd5+ 63. c6 {[%cal Bc5c6,Bc6c7][%mdl 32]} f5 64. Ka7 {White mates.} Qa2+ 65. Kb8 Qh2+ 66. c7 Qe5 67. Ka7 Qe7 68. Qd4+ Kg3 69. Kb8 {Precision: White = 79%, Black = 40%.} 1-0

[Event "20th Dubai Open 2018"]
[Site "Dubai"]
[Date "2018.04.07"]
[Round "5"]
[White "Zubov, Alexander"]
[Black "Rakhmanov, Aleksandr"]
[Result "1/2-1/2"]
[WhiteElo "2606"]
[BlackElo "2652"]
[Annotator "TA"]
[PlyCount "22"]
[EventDate "2018.??.??"]
[EventType "swiss"]
[EventCountry "UAE"]
[SourceTitle "playchess.com"]
[Source "ChessBase"]
[SourceQuality "1"]

{[%evp 20,22,0,0,0]} 1. e4 e5 2. Nf3 Nf6 3. d4 Nxe4 4. Nxe5 d5 5. Bd3 Nd7 6. Nxf7 Kxf7 7. Qh5+ Ke6 8. Qe2 Kf7 9. Qh5+ $146 Ke6 10. Qe2 Kf7 11. Qh5+ {LiveBook: 73 Games} Ke6 {C43: Petroff Defence: 3 d4} 1/2-1/2